Beyond the lines : (Record no. 15268)

000 -LEADER
fixed length control field 01237cam a2200361 a 4500
001 - CONTROL NUMBER
control field 17598612
005 - DATE AND TIME OF LATEST TRANSACTION
control field 20170105102914.0
008 - FIXED-LENGTH DATA ELEMENTS--GENERAL INFORMATION
fixed length control field 120716s2012 ii af g 001 0aeng d
010 ## - LIBRARY OF CONGRESS CONTROL NUMBER
LC control number 2013315237
020 ## - INTERNATIONAL STANDARD BOOK NUMBER
International Standard Book Number 9788174369109
020 ## - INTERNATIONAL STANDARD BOOK NUMBER
International Standard Book Number 8174369104
025 ## - OVERSEAS ACQUISITION NUMBER
Overseas acquisition number I-E-2013-315237; 92-92; 61-92; 62-92
035 ## - SYSTEM CONTROL NUMBER
System control number (OCoLC)ocn803372610
035 ## - SYSTEM CONTROL NUMBER
System control number (OCoLC)803372610
037 ## - SOURCE OF ACQUISITION
Stock number Library of Congress -- New Delhi Overseas Office
040 ## - CATALOGING SOURCE
Original cataloging agency DKAGE
Language of cataloging eng
Transcribing agency DKAGE
Modifying agency OCLCO
-- UKMGB
-- TXA
-- DLC
042 ## - AUTHENTICATION CODE
Authentication code lccopycat
-- lcode
043 ## - GEOGRAPHIC AREA CODE
Geographic area code a-ii---
050 00 - LIBRARY OF CONGRESS CALL NUMBER
Classification number PN5376.N385
Item number A3 2012
082 04 - DEWEY DECIMAL CLASSIFICATION NUMBER
Classification number 070.92
Edition number 23
100 1# - MAIN ENTRY--PERSONAL NAME
Personal name Nayar, Kuldip,
Dates associated with a name 1923-
245 10 - TITLE STATEMENT
Title Beyond the lines :
Remainder of title an autobiography /
Statement of responsibility, etc. Kuldip Nayar.
260 ## - PUBLICATION, DISTRIBUTION, ETC.
Place of publication, distribution, etc. New Delhi :
Name of publisher, distributor, etc. Lotus Collection,
Date of publication, distribution, etc. 2012.
300 ## - PHYSICAL DESCRIPTION
Extent xii, 420 p., [32] p. of plates :
Other physical details ill. ;
Dimensions 24 cm.
500 ## - GENERAL NOTE
General note Includes index.
520 ## - SUMMARY, ETC.
Summary, etc. Autobiography of an Indian journalist, author, diplomat and parliamentarian.
600 10 - SUBJECT ADDED ENTRY--PERSONAL NAME
Personal name Nayar, Kuldip,
Dates associated with a name 1923-
650 #0 - SUBJECT ADDED ENTRY--TOPICAL TERM
Topical term or geographic name entry element Journalists
Geographic subdivision India
Form subdivision Biography.
651 #0 - SUBJECT ADDED ENTRY--GEOGRAPHIC NAME
Geographic name India
General subdivision Politics and government
Chronological subdivision 1947-
906 ## - LOCAL DATA ELEMENT F, LDF (RLIN)
a 7
b cbc
c copycat
d 3
e ncip
f 20
g y-gencatlg
942 ## - ADDED ENTRY ELEMENTS (KOHA)
Source of classification or shelving scheme
Koha item type Book
Holdings
Withdrawn status Lost status Damaged status Not for loan Collection code Permanent Location Current Location Shelving location Date acquired Total Checkouts Total Renewals Full call number Barcode Date last seen Date last checked out Price effective from Koha item type
          Centre for International Peace & Stability (CIPS) Centre for International Peace & Stability (CIPS) General Stacks 10/02/2013 1 1 070.92 NAY 2012 CIPS0001765 09/19/2018 08/29/2018 11/25/2013 Book
© 2023 Central Library, National University of Sciences and Technology. All Rights Reserved.